| 000 | 00956cam a2200325 a 4500 | ||
|---|---|---|---|
| 001 | 285357 | ||
| 003 | ARRUPE | ||
| 005 | 20160926105406.0 | ||
| 008 | 840109s1983 rh b 000 0 eng d | ||
| 010 | _a 84141622 | ||
| 020 | _z08692284 | ||
| 035 | _a(OCoLC)12051483 | ||
| 035 | _a(OCoLC)ocm12051483 | ||
| 035 | _a(CStRLIN)NYCG84-B901 | ||
| 035 | _a(NNC)285357 | ||
| 040 |
_dNNC _cDCL |
||
| 043 | _af-rh--- | ||
| 050 | _aHN802.A8C67 1983 | ||
| 100 | 1 |
_aCormack, I. R. N. _q(Ian R. N.) _926138 |
|
| 245 | 1 | 0 |
_aTowards self-reliance : _burban social development in Zimbabwe / _cby I.R.N. Cormack. |
| 260 |
_aGweru : _bMambo Press, _c1983. |
||
| 300 |
_axxiv, 280 p. ; _c23 cm. |
||
| 490 | 1 |
_aZambeziana ; _vv. 15 |
|
| 504 | _aBibliography: p. 271-280. | ||
| 650 | 0 |
_aUrbanization _zZimbabwe. _926139 |
|
| 650 | 0 |
_aZimbabwe _xSocial conditions. _926140 |
|
| 830 | 0 |
_aZambeziana ; _vv. 15. _926141 |
|
| 942 |
_2lcc _cMONOGRAPH |
||
| 999 |
_c125331 _d125331 |
||